00407nam a2200157Ia 4500003000400000005001700004008004100021040000700062041000800069082001900077100004300096245004100139260004200180300001400222365001300236OSt20230330143530.0210423s2003 xx 000 0 und d cAL aeng a658.3 DECD223 aDeCENZO (David A);ROBBINS (Stephen P). aPersonnel/human resource management. aNew DelhibPHI Learning Pvt Ltdc2003 axvii,637. b195cINR